01566nam a2200265Ia 4500001000600000003000900006008004100015040001300056040001300069041001300082100001800095100002900113245003800142245003800180250001100218260001000229260001100239260004900250300004300299500083700342650003401179650003101213700002701244700002901271E0997IT-RoPAU130308s9999 xx 000 0 und d aIT-RoPAU cIT-RoPAU aFRANCESE aBarba Thierry gCodice Aut. SPICS: 47478 aTeleconferences multimedias (Les) bTeleconferences Multimedias (Les) a1a ed. aPARIS bHermes c1996 [1° Ed.:1996 - Ed.Ling.Originale:1996] a"128 p. (prefazione: no ; testo: 128)" aTeleconferenze Multimedia. interesse delle Teleconferenze Multimedia. Contesto: Definizione, Nota Storica, Media Utilizzati (Suono, Immagine, Dati, Multimedia), Nuovi Imperativi Economici. Tipi di Teleconferenze: Riunione con Telefono, Audioconferenza, Videoconferenza, Videotrasmissione, Visiofono,Micro Computer Comunicante. Tecnica e Normalizzazione: reti Telecoms Utilizzate, Modi di Comunicazione, Tipi di Codificazione, importanza e Processo di Normalizzazione, norme Attuali e Loro presentazione Dettagliata. Mercatodelle Teleconferenze Multimedia: Tipi di Attori in Francia, principali Offerte in Francia. Differenti Iniziative Internazionali: Missioni, Eve, Imtc,Mmcf, Pcwg. Esempi di Teleconferenze: progetto Beteus, progetto Aclara, Esperimento T.120 in Parigi. Questionario Sulle Teleconferenze Multimedia. Bibliografia. aTECNICA DELLA MULTIMEDIALITA' eCodice materia Spics: 4252 aGiffard Pierre-Olivier gCodice Aut. SPICS: 47479